Programación en C (Registro nro. 28912)
[ vista simple ]
| 000 -LÍDER | |
|---|---|
| fixed length control field | 00721nam a22002177a 4500 |
| 003 - IDENTIFICADOR DEL NÚMERO DE CONTROL | |
| control field | ITZ |
| 005 - FECHA Y HORA DE LA ULTIMA TRANSACCIÓN | |
| Campo de control | 20230216110102.0 |
| 008 - ELEMENTOS DE LONGITUD FIJA -- INFORMACIÓN GENERAL | |
| fixed length control field | 230216b |||||||| |||| 00| 0 spa d |
| 020 ## - NÚMERO INTERNACIONAL NORMALIZADO PARA LIBROS | |
| ISBN | 84-481-9844-1 |
| 035 ## - Número de ficha (Janium) | |
| Número de ficha (Janium) | 17281 |
| 041 ## - CÓDIGO DE IDIOMA | |
| Código de idioma para texto/pista de sonido o título separado | spa |
| 050 ## - SIGNATURA TOPOGRAFICA DE LA BIBLIOTECA DEL CONGRESO (LC) | |
| Número de Clasificación | QA76.73C15 |
| Cutter | J695 2005 |
| 082 ## - NUMERO DE CLASIFICACION DECIMAL DEWEY | |
| Número de Clasificación | 005.133 |
| Cutter | J685p 2005 |
| 100 1# - ASIENTO PRINCIPAL--NOMBRE PERSONAL | |
| Nombre personal | Joyanes Aguilar, Luis |
| 245 ## - TÍTULO | |
| Título | Programación en C |
| Parte restante del título | Metodología, algoritmos y estructura de datos |
| 250 ## - MENCIÓN DE EDICIÓN | |
| Mención de edición | 2 |
| 260 ## - PUBLICACIÓN, DISTRIBUCIÓN, ETC. (PIE DE IMPRENTA) | |
| Lugar de publicación, distribución, etc. | Madrid, España |
| Nombre del editor, distribuidor, etc. | Mc Graw Hill Interamericana |
| Fecha de publicación, distribución, etc. | 2005 |
| 300 ## - DESCRIPCIÓN FÍSICA | |
| Extensión | xxxii, 719 p. : il. |
| Dimensiones | 25 cm. |
| 650 ## - ASIENTO SECUNDARIO DE MATERIA - TERMINO TEMÁTICO | |
| Término temático o nombre geográfico como elemento de entrada | 1. C (LENGUAJE DE PROGRAMACIÓN) 2. LENGUAJE DE PROGRAMACIÓN (COMPUTADORAS ELECTRÓNICAS 3. PROGRAMACIÓN (COMPUTADORAS ELECTRÓNICAS) |
| 942 ## - TIPO DE MATERIAL (KOHA) | |
| Koha item type | Libros |
| No. biblioteca | No. biblioteca | Número de clasificación | Código de barras/Número de adquisición | Número de copia | Tipo de material | Otras carreras |
|---|---|---|---|---|---|---|
| LUIS G. INCLAN | LUIS G. INCLAN | 005.133 J685p 2005 | 53630 | 3 | Libros | ÁREA DE ELECTROMECÁNICA |
| ÁREA DE SISTEMAS COMPUTACIONALES | ÁREA DE SISTEMAS COMPUTACIONALES | 005.133 J685p 2005 | 53628 | 1 | Libros | ÁREA DE ELECTROMECÁNICA |
| ÁREA DE SISTEMAS COMPUTACIONALES | ÁREA DE SISTEMAS COMPUTACIONALES | 005.133 J685p 2005 | 53629 | 2 | Libros | ÁREA DE ELECTROMECÁNICA |
| ÁREA DE SISTEMAS COMPUTACIONALES | ÁREA DE SISTEMAS COMPUTACIONALES | 005.133 J685p 2005 | 53631 | 4 | Libros | ÁREA DE ELECTROMECÁNICA |
